|
|
|
|
| LEADER |
00000nam a2200000Ia 4500 |
| 008 |
180911b2010 cr ||||| |||| 00| | spa d |
| 999 |
|
|
|c 2355
|d 2355
|
| 090 |
|
|
|a 19.02.08
|b 1033
|
| 100 |
|
|
|a Alfaro Valverde, Alicia
|9 86
|
| 245 |
1 |
2 |
|a I Encuentro Inter Universitario de Recreación e Investigación /
|c Alicia Alfaro Valverde; Helvetia Cárdenas Leitón; Jenny Vásquez
|
| 260 |
|
|
|a San José, Costa Rica :
|b INIE,
|c 2010
|
| 300 |
|
|
|a 24 páginas
|
| 500 |
|
|
|a Informe proyecto de Acción Social ED-2776
|
| 650 |
1 |
4 |
|a INFORMES SOBRE PROYECTOS
|9 3986
|
| 650 |
1 |
4 |
|a INVESTIGACIÓN
|9 163
|
| 700 |
|
|
|a Cárdenas Leitón, Helvetia
|9 766
|
| 700 |
1 |
|
|a Vásquez, Jenny
|9 4221
|
| 942 |
|
|
|i 002683
|h 19.02.08 1033
|2 z
|c 04
|